My little pony theme song - lyrics - Statistics

General Stats
  • This quiz has been taken 300 times
  • The average score is 54 of 69
Answer Stats
Answer % Correct
little
100%
little
100%
little
100%
little
100%
little
100%
My
100%
My
100%
My
100%
My
100%
my
100%
my
100%
pony
100%
pony
100%
pony
100%
pony
100%
A
94%
friends?
93%
I
93%
be
91%
friendship
86%
to
86%
magic
84%
magic
84%
what
80%
an
79%
could
79%
wonder
79%
you
79%
You
79%
you
79%
it
77%
all
76%
all
76%
all
76%
and
76%
And
76%
me
76%
fun
75%
of
74%
used
74%
with
74%
best
71%
adventure
70%
Ah
70%
ah
70%
ah
70%
ah
70%
heart
70%
strong
70%
beautiful
68%
kindness
68%
very
68%
easy
67%
its
67%
It's
67%
makes
67%
Tons
67%
Sharing
65%
shared
64%
Until
64%
Big
63%
complete
61%
Faithful
59%
know
56%
feat
53%
you're
53%
Do
51%
ponies
41%
have
40%
No matching quizzes found
Score Distribution
Percent of People with Each Score
Percentile by Number Answered
Your Score History
You have not taken this quiz